Recueil de procédes de dosage pour l'analyse des combustibles des minerais de fer des fontes des aciers et des fers / (Record no. 22548)

MARC details
000 -LEADER
campo de control de longitud fija 00494nam a2200157 i 4500
001 - NÚMERO DE CONTROL
campo de control 22548
003 - IDENTIFICADOR DE NÚMERO DE CONTROL
campo de control ES-MaACL
005 - FECHA Y HORA DE LA ÚLTIMA TRANSACCIÓN
campo de control 20230906152720.0
007 - CAMPO FIJO DE DESCRIPCIÓN FÍSICA--INFORMACIÓN GENERAL
campo de control de longitud fija t|
008 - DATOS DE LONGITUD FIJA--INFORMACIÓN GENERAL
campo de control de longitud fija 030108s1897 fr ||||1| fre d
100 1# - ENTRADA PRINCIPAL--NOMBRE DE PERSONA
Nombre de persona Arth, G.
9 (RLIN) 23457
245 10 - MENCIÓN DEL TÍTULO
Título Recueil de procédes de dosage pour l'analyse des combustibles des minerais de fer des fontes des aciers et des fers /
Mención de responsabilidad, etc. G. Arth.
260 ## - PUBLICACIÓN, DISTRIBUCIÓN, ETC.
Lugar de publicación, distribución, etc. París :
Nombre del editor, distribuidor, etc. Gauthier-Villars,
Fecha de publicación, distribución, etc. 1897.
300 ## - DESCRIPCIÓN FÍSICA
Extensión III, 313 p. ;
Dimensiones 22 cm.
852 ## - LOCALIZACIÓN
Ubicación ES-MaACL
Número de control de estantería F-1582
Holdings
Estatus retirado Estado de pérdida Estado de daño No para préstamo Colección Biblioteca de origen Biblioteca actual Ubicación en estantería Fecha de adquisición Fuente de adquisición Total de préstamos Signatura topográfica completa Código de barras Visto por última vez Precio de reemplazo Tipo de ítem Koha
        Libros del s. XIX Biblioteca del Ateneo de Madrid Biblioteca del Ateneo de Madrid Depósito 2 17/01/2008     F-1582 1023212 23/02/2023 23/02/2023 Libro impreso antiguo